[Event "Hyeres"]
[Site "Hyeres"]
[Date "2005.08.02"]
[Round "?"]
[White "Penkov, Nikola"]
[Black "Marku, Demeter"]
[Result "0-1"]
[WhiteElo "1630"]
[BlackElo "1790"]
[PlyCount "78"]
[EventDate "2005.??.??"]
[EventCountry "FRA"]

1. e4 e5 2. Nf3 d6 3. d4 exd4 4. Nxd4 c5 5. Nb3 Nc6 6. Nc3 Nf6 7. Bg5 Be7 8.
Qd2 O-O 9. O-O-O Be6 10. f3 Bxb3 11. cxb3 Qa5 12. a3 Nd4 13. Bc4 a6 14. b4 cxb4
15. axb4 Qa1+ 16. Nb1 Nc6 17. b3 b5 18. Bd3 Qd4 19. Qc3 Qxb4 20. Qxb4 Nxb4 21.
Kb2 h6 22. Be3 Nd7 23. Bd4 Ne5 24. Be2 Nbc6 25. Bxe5 dxe5 26. Rd7 Rfe8 27. Nc3
Nd4 28. Bd3 Rac8 29. Nd5 Bg5 30. Ra1 Re6 31. Nc7 Rc6 32. Nxa6 Rc3 33. Bb1 Rxb3+
34. Ka2 Bc1 35. Bd3 Rxd3 36. Nb4 Ra3+ 37. Kb1 Rb3+ 38. Ka2 Rb2+ 39. Ka3 Rc3#
0-1

[Event "Hyeres"]
[Site "Hyeres"]
[Date "2005.07.29"]
[Round "?"]
[White "Penloup, Dominique"]
[Black "Hadzikaric, Mirsad"]
[Result "1/2-1/2"]
[WhiteElo "1927"]
[BlackElo "1710"]
[PlyCount "123"]
[EventDate "2005.??.??"]
[EventCountry "FRA"]

1. e4 g5 2. d4 g4 3. Qxg4 d5 4. Qf3 dxe4 5. Qxe4 Nf6 6. Qd3 b6 7. Nf3 Ba6 8. c4
Nc6 9. Bg5 Qd6 10. Nc3 Nb4 11. Qd2 Qe6+ 12. Ne5 Ng4 13. O-O-O f6 14. Nxg4 Qxg4
15. Be3 O-O-O 16. Be2 Qxg2 17. Rdg1 Qc6 18. a3 e5 19. axb4 Bxb4 20. d5 Qd7 21.
Qc2 Kb7 22. Rg2 f5 23. Rhg1 f4 24. Bd2 Qh3 25. Qe4 Kb8 26. Bf3 Bb7 27. Bg4 Qh4
28. Be6 Rhe8 29. Qxe5 f3 30. Rg7 Bd6 31. Qe4 Qxf2 32. Be3 Qxh2 33. Rxh7 Rxe6
34. dxe6 Bxe4 35. Rxh2 Bxh2 36. Rf1 Kc8 37. Nxe4 Rf8 38. Ng5 Bf4 39. Bxf4 Rxf4
40. Rxf3 Rxc4+ 41. Kd2 Kd8 42. Rf7 a5 43. b3 Rg4 44. Rd7+ Ke8 45. Nf3 Re4 46.
Nd4 c5 47. Nb5 Rxe6 48. Rb7 Rh6 49. Kc3 Kd8 50. Na3 Kc8 51. Re7 Rh3+ 52. Kc4
Rh4+ 53. Kc3 a4 54. bxa4 Rxa4 55. Nc4 Rb4 56. Nd6+ Kd8 57. Rb7 Rb1 58. Kc4 Rd1
59. Nf7+ Ke8 60. Ne5 Rd4+ 61. Kc3 Rb4 62. Nc6 1/2-1/2

[Event "Hyeres"]
[Site "Hyeres"]
[Date "2005.07.31"]
[Round "?"]
[White "Penloup, Dominique"]
[Black "Rossolini, Fabien"]
[Result "1-0"]
[WhiteElo "1927"]
[BlackElo "1994"]
[PlyCount "69"]
[EventDate "2005.??.??"]
[EventCountry "FRA"]

1. e4 g6 2. d4 d6 3. Nc3 c6 4. Nf3 Bg7 5. Be3 Qc7 6. Qd2 b5 7. Bd3 Bb7 8. O-O
Nd7 9. Ne2 a6 10. c3 Ngf6 11. Bh6 O-O 12. Bxg7 Kxg7 13. Rad1 Rad8 14. Rfe1 e5
15. Ng3 h6 16. Nh4 Ng8 17. Re3 Nb6 18. Rf3 Bc8 19. Re3 Qe7 20. Nf3 c5 21. dxe5
dxe5 22. Qe2 Na4 23. Qc2 c4 24. Be2 Rxd1+ 25. Bxd1 Rd8 26. Be2 Nf6 27. Bxc4
Nxb2 28. Bxb5 Qa3 29. Bf1 Nd1 30. Rd3 Rxd3 31. Qxd3 Nxc3 32. Nxe5 Qc5 33. Nc4
Nfxe4 34. Nxe4 Bf5 35. Nxc5 1-0

[Event "Hyeres"]
[Site "Hyeres"]
[Date "2005.08.14"]
[Round "?"]
[White "Perez, Flavio"]
[Black "Banuls, Adrien"]
[Result "1-0"]
[WhiteElo "2218"]
[BlackElo "1780"]
[PlyCount "85"]
[EventDate "2005.??.??"]
[EventCountry "FRA"]

1. e4 c5 2. Nc3 d6 3. g3 Nc6 4. Bg2 Nf6 5. d3 g6 6. h3 Bg7 7. Be3 Qa5 8. Qd2
O-O 9. Nge2 e6 10. O-O Qb6 11. Rab1 a5 12. f4 Bd7 13. g4 Ne7 14. Ng3 Qc7 15. g5
Ne8 16. h4 Bc6 17. h5 Rd8 18. Qf2 b6 19. Nce2 Qd7 20. Bh3 Nc7 21. hxg6 fxg6 22.
Bg4 Bh8 23. Qh2 Nc8 24. Qh3 Rde8 25. Rf2 d5 26. Rbf1 dxe4 27. dxe4 Nd6 28. Rd1
Qe7 29. e5 Nc8 30. Rh2 Rf7 31. Nc3 Nd5 32. Nxd5 Bxd5 33. Rxd5 exd5 34. Bxc8 Kf8
35. Nh1 Kg8 36. Nf2 Kf8 37. e6 Rg7 38. Bd7 Rd8 39. Ng4 h5 40. Nf6 Qd6 41. Rf2
Re7 42. f5 Qe5 43. fxg6 1-0

[Event "Hyeres"]
[Site "Hyeres"]
[Date "2005.08.15"]
[Round "?"]
[White "Perez, Flavio"]
[Black "Baudson, Charles"]
[Result "1-0"]
[WhiteElo "2218"]
[BlackElo "2022"]
[PlyCount "53"]
[EventDate "2005.??.??"]
[EventCountry "FRA"]

1. e4 e6 2. Nf3 d5 3. e5 Bd7 4. a3 Ne7 5. b4 Ng6 6. d4 Be7 7. Bd3 b6 8. c3 c5
9. h4 Nxh4 10. Nxh4 Bxh4 11. Qg4 Be7 12. Qxg7 Rf8 13. Rxh7 cxd4 14. cxd4 Nc6
15. Qg4 Qc7 16. Be3 O-O-O 17. Nd2 Rg8 18. Qf3 Be8 19. Rc1 Kb8 20. Nb3 Bf8 21.
b5 Bxa3 22. Rc2 Nxe5 23. dxe5 Qxe5 24. Kf1 Bd6 25. g3 Ka8 26. Bd4 Qg5 27. Bf6
1-0

[Event "Hyeres"]
[Site "Hyeres"]
[Date "2005.08.13"]
[Round "?"]
[White "Perez, Flavio"]
[Black "Paule, Marc"]
[Result "1-0"]
[WhiteElo "2218"]
[BlackElo "2039"]
[PlyCount "151"]
[EventDate "2005.??.??"]
[EventCountry "FRA"]

1. e4 c5 2. Nc3 a6 3. g3 g6 4. Bg2 Bg7 5. d3 Nc6 6. Be3 d6 7. Qd2 Rb8 8. Nge2
Bd7 9. O-O h5 10. h3 b5 11. f4 e6 12. d4 b4 13. Nd1 cxd4 14. Nxd4 Nxd4 15. Bxd4
Bxd4+ 16. Qxd4 Qb6 17. Qxb6 Rxb6 18. Ne3 Bb5 19. Rfd1 Ne7 20. Rd4 O-O 21. Rad1
a5 22. Rxd6 Rxd6 23. Rxd6 Rc8 24. Kf2 Rc5 25. Ke1 Kg7 26. Kd2 g5 27. fxg5 Rxg5
28. g4 hxg4 29. hxg4 Ng6 30. Rb6 Rc5 31. Rb8 Ne5 32. Ra8 Bc6 33. Rc8 Kf6 34.
Bf1 Kg5 35. Bd3 Kf4 36. Rc7 Kf3 37. Rc8 Kf2 38. Nd1+ Kg3 39. Ke3 f6 40. Kd4 Nd7
41. Rc7 e5+ 42. Ke3 Ba4 43. Rxc5 Nxc5 44. b3 Bd7 45. Be2 Bxg4 46. Bxg4 Kxg4 47.
Nb2 f5 48. exf5 Kxf5 49. Nc4 Nb7 50. a3 bxa3 51. Nxa3 Nd6 52. c3 Ke6 53. Kd3
Kd5 54. Nc2 Kc5 55. Ke3 Nb5 56. Kd3 Nd6 57. Ke3 Nb5 58. Kd2 Nc7 59. Ne3 Kb5 60.
Nc4 a4 61. Na3+ Ka5 62. Nc4+ Kb5 63. Na3+ Ka5 64. b4+ Ka6 65. c4 Ne6 66. Kd3
Kb6 67. Ke4 Nd4 68. Kd5 Nc6 69. c5+ Kc7 70. b5 e4 71. Kxe4 Nb4 72. Kd4 Na2 73.
Kc4 Kb7 74. Kd5 Nc3+ 75. Kc4 Na2 76. c6+ 1-0

[Event "Hyeres"]
[Site "Hyeres"]
[Date "2005.08.15"]
[Round "?"]
[White "Peyret, Bertrand"]
[Black "Coulomb, Julien"]
[Result "1/2-1/2"]
[WhiteElo "1700"]
[BlackElo "1940"]
[PlyCount "122"]
[EventDate "2005.??.??"]
[EventCountry "FRA"]

1. e4 e6 2. d4 d5 3. e5 c5 4. c3 Nc6 5. Nf3 Qb6 6. Bd3 Bd7 7. Bc2 cxd4 8. cxd4
Nge7 9. O-O Nf5 10. Bxf5 exf5 11. Nc3 Be6 12. a3 Be7 13. Rb1 Rc8 14. Be3 O-O
15. Qd3 Na5 16. Ng5 Rc6 17. b4 Nc4 18. Nxe6 fxe6 19. b5 Rc7 20. a4 Rfc8 21. Ne2
Qa5 22. Qd1 Nxe3 23. fxe3 Rc2 24. Rc1 Qxa4 25. Rxc2 Qxc2 26. Qxc2 Rxc2 27. Nf4
Kf7 28. Ra1 Rb2 29. Rxa7 Rxb5 30. Kf2 Rb3 31. Kf3 Ba3 32. g3 Bc1 33. Ng2 g5 34.
Ra8 Rc3 35. Rh8 Kg7 36. Re8 Kf7 37. Rh8 Kg6 38. Rg8+ Kh6 39. Re8 Rc6 40. Re7 b6
41. h4 g4+ 42. Ke2 Ba3 43. Re8 b5 44. Nf4 b4 45. Rxe6+ Rxe6 46. Nxe6 b3 47. Kd1
Bb4 48. Nf4 b2 49. Kc2 Be1 50. Kxb2 Bxg3 51. Ng2 Kh5 52. Kb3 Bxh4 53. Nxh4 Kxh4
54. e6 g3 55. e7 g2 56. e8=Q g1=Q 57. Qe7+ Qg5 58. Qe5 f4 59. exf4 Qxe5 60.
fxe5 Kg5 61. Kc2 Kg6 1/2-1/2

[Event "Hyeres"]
[Site "Hyeres"]
[Date "2005.08.12"]
[Round "?"]
[White "Ramazzotti, Bernard"]
[Black "Banuls, Adrien"]
[Result "1-0"]
[WhiteElo "1920"]
[BlackElo "1780"]
[PlyCount "63"]
[EventDate "2005.??.??"]
[EventCountry "FRA"]

1. e4 c5 2. Nf3 e6 3. c3 Nf6 4. Qc2 Nc6 5. Bb5 Qb6 6. Bxc6 Qxc6 7. d3 Be7 8.
O-O b6 9. Bf4 d6 10. Nbd2 O-O 11. Rfe1 e5 12. Be3 Ng4 13. Nf1 f5 14. h3 Nf6 15.
exf5 Bxf5 16. Ng3 Bg6 17. Nh4 Bf7 18. Nhf5 Qd7 19. f4 Nd5 20. Bd2 Bg6 21. Nxe7+
Qxe7 22. fxe5 dxe5 23. Ne4 h6 24. d4 Nf6 25. Nxf6+ Qxf6 26. Qb3+ Bf7 27. dxe5
Qf5 28. e6 Be8 29. Rf1 Qe4 30. Rxf8+ Kxf8 31. Re1 c4 32. Qb4+ 1-0

[Event "Hyeres"]
[Site "Hyeres"]
[Date "2005.08.01"]
[Round "?"]
[White "Ramazzotti, Bernard"]
[Black "Bassat, Mael"]
[Result "1/2-1/2"]
[WhiteElo "1920"]
[BlackElo "1730"]
[PlyCount "51"]
[EventDate "2005.??.??"]
[EventCountry "FRA"]

1. d4 Nf6 2. Nf3 e6 3. c4 Bb4+ 4. Bd2 Bxd2+ 5. Nbxd2 d6 6. e4 Qe7 7. Bd3 Nbd7
8. b4 e5 9. d5 b6 10. O-O O-O 11. Nh4 g6 12. Nhf3 Bb7 13. a4 a5 14. b5 Nc5 15.
Bc2 Bc8 16. h3 Bb7 17. Ra3 Nfd7 18. Qe2 f5 19. exf5 gxf5 20. Nd4 e4 21. N2b3
Rae8 22. Nxc5 Nxc5 23. Qh5 Qf6 24. Rd1 Kh8 25. Rg3 Bc8 26. Qg5 1/2-1/2

[Event "Hyeres"]
[Site "Hyeres"]
[Date "2005.08.13"]
[Round "?"]
[White "Ramazzotti, Bernard"]
[Black "Perez, Flavio"]
[Result "0-1"]
[WhiteElo "1920"]
[BlackElo "2218"]
[PlyCount "24"]
[EventDate "2005.??.??"]
[EventCountry "FRA"]

1. d4 d5 2. c4 c6 3. Nf3 e6 4. Nc3 Nf6 5. Bg5 h6 6. Bh4 dxc4 7. a4 Bb4 8. Qc2
b5 9. e3 a6 10. axb5 cxb5 11. b3 g5 12. Bg3 Nd5 0-1

[Event "Hyeres"]
[Site "Hyeres"]
[Date "2005.08.14"]
[Round "?"]
[White "Ramazzotti, Bernard"]
[Black "Salvetti, Julien"]
[Result "1-0"]
[WhiteElo "1920"]
[BlackElo "1730"]
[PlyCount "77"]
[EventDate "2005.??.??"]
[EventCountry "FRA"]

1. e4 e6 2. f4 d5 3. exd5 exd5 4. Nf3 Nf6 5. d4 Bg4 6. Be2 Bxf3 7. Bxf3 Bd6 8.
O-O O-O 9. c4 c6 10. c5 Bc7 11. Nc3 Nbd7 12. b4 a6 13. Qd3 b5 14. g4 h6 15. g5
hxg5 16. fxg5 Nh7 17. Bg4 Re8 18. Bd2 Nxg5 19. Qf5 Qf6 20. Qxg5 Qxd4+ 21. Kh1
Nf6 22. Bf3 Re5 23. Qg2 Qh4 24. Be1 Qh6 25. Bd2 Qh4 26. Ne2 Nh5 27. Bxh5 Rxh5
28. Bf4 Bd8 29. Ng3 Rh7 30. Rae1 Bg5 31. Bxg5 Qxg5 32. Nf5 Qh5 33. Ne7+ Kf8 34.
Nxc6 Rh6 35. Ne5 Rd8 36. Rxf7+ Ke8 37. Rxg7 Rh7 38. Ng6+ Qe5 39. Rxe5# 1-0

[Event "Hyeres"]
[Site "Hyeres"]
[Date "2005.07.30"]
[Round "?"]
[White "Robert, Bastien"]
[Black "Lamberti, Hugo"]
[Result "0-1"]
[WhiteElo "1999"]
[BlackElo "2009"]
[PlyCount "124"]
[EventDate "2005.??.??"]
[EventCountry "FRA"]

1. d4 d6 2. e4 g6 3. Nf3 Bg7 4. Nc3 Nf6 5. Bd3 O-O 6. h3 Nc6 7. Be3 e5 8. O-O
Ne8 9. dxe5 Nxe5 10. Nxe5 Bxe5 11. f4 Bg7 12. f5 c6 13. Qd2 b6 14. Bh6 Bd4+ 15.
Kh1 Ng7 16. Bg5 Qc7 17. Bc4 Be5 18. f6 Ne6 19. Bh6 Re8 20. Bxe6 Bxe6 21. Bg7
Rec8 22. Qh6 Qd8 23. h4 Bg4 24. Nd1 a5 25. Ne3 Be6 26. h5 Rc7 27. hxg6 fxg6 28.
f7+ Rxf7 29. Rxf7 Bxf7 30. Bxe5 dxe5 31. Ng4 Be6 32. Nxe5 Qf6 33. Nd3 Rf8 34.
Qe3 c5 35. g3 g5 36. Kg2 c4 37. Nf2 g4 38. c3 Qf3+ 39. Qxf3 gxf3+ 40. Kg1 Kf7
41. Rd1 Ke7 42. e5 Rf5 43. Re1 h5 44. Re3 Bd5 45. Nh3 h4 46. g4 Rf8 47. Kf2 Rg8
48. g5 Bc6 49. a3 Ke6 50. Re1 Kf5 51. e6 Re8 52. e7 Kg4 53. Ng1 h3 54. Nxh3
Kxh3 55. Re6 Bd7 56. Re4 b5 57. g6 Rg8 58. Rd4 Be8 59. Kxf3 Rxg6 60. Rf4 Re6
61. Rf8 Bc6+ 62. Kf4 Rxe7 0-1

[Event "Hyeres"]
[Site "Hyeres"]
[Date "2005.07.27"]
[Round "?"]
[White "Robert, Bastien"]
[Black "Mandic, Ilija"]
[Result "1-0"]
[WhiteElo "1999"]
[BlackElo "1920"]
[PlyCount "47"]
[EventDate "2005.??.??"]
[EventCountry "FRA"]

1. d4 Nf6 2. Bg5 h6 3. Bxf6 exf6 4. c4 d5 5. e3 Bb4+ 6. Nc3 O-O 7. Bd3 c5 8.
Nge2 cxd4 9. exd4 Nc6 10. O-O dxc4 11. Bxc4 Bg4 12. f3 Bf5 13. Kh1 Na5 14. Bd3
Bxd3 15. Qxd3 Nc6 16. Rfd1 Re8 17. a3 Ba5 18. Ne4 Bb6 19. b4 a6 20. Nc5 Qe7 21.
Ng3 Rad8 22. Nf5 Qe1+ 23. Rxe1 Rxe1+ 24. Rxe1 1-0

[Event "Hyeres"]
[Site "Hyeres"]
[Date "2005.07.29"]
[Round "?"]
[White "Robert, Bastien"]
[Black "Penkov, Nikola"]
[Result "1-0"]
[WhiteElo "1999"]
[BlackElo "1630"]
[PlyCount "83"]
[EventDate "2005.??.??"]
[EventCountry "FRA"]

1. d4 Nf6 2. Bg5 Ne4 3. Bh4 d5 4. f3 Nd6 5. e3 g6 6. Bd3 Bg7 7. Ne2 Bf5 8. O-O
Nc6 9. Nbc3 Nb4 10. Bf2 Nxd3 11. cxd3 c6 12. e4 dxe4 13. dxe4 Bd7 14. a4 b6 15.
b4 O-O 16. Qd3 a5 17. bxa5 Rxa5 18. Rab1 c5 19. dxc5 bxc5 20. Rfd1 c4 21. Qc2
Ra8 22. Bb6 Qe8 23. a5 Nb7 24. Qa2 Bc6 25. Nd4 Nd6 26. Nxc6 Qxc6 27. Nd5 Qd7
28. Bc5 Ra6 29. Nb6 Qc6 30. Bxd6 exd6 31. Qxc4 Qxc4 32. Nxc4 Rd8 33. Rb6 Rxb6
34. axb6 Bf8 35. e5 d5 36. b7 Bc5+ 37. Kf1 d4 38. Nd6 Ba7 39. Rc1 Bb8 40. Ke2
Kg7 41. Rc8 Rf8 42. Ne8+ 1-0

[Event "Hyeres"]
[Site "Hyeres"]
[Date "2005.08.02"]
[Round "?"]
[White "Rossolini, Fabien"]
[Black "Djoudi, Saïd"]
[Result "1/2-1/2"]
[WhiteElo "1994"]
[BlackElo "2020"]
[PlyCount "38"]
[EventDate "2005.??.??"]
[EventCountry "FRA"]

1. e4 d5 2. exd5 Qxd5 3. Nc3 Qd6 4. d4 Nf6 5. g3 c6 6. Bg2 Bf5 7. Bf4 Qb4 8.
Qd2 e6 9. Rb1 Nbd7 10. a3 Qa5 11. Nf3 Nd5 12. Nxd5 Qxd2+ 13. Kxd2 cxd5 14. Nh4
Bg6 15. Nxg6 hxg6 16. c3 Be7 17. h4 Nf6 18. Be5 Kd7 19. Bxf6 Bxf6 1/2-1/2

[Event "Hyeres"]
[Site "Hyeres"]
[Date "2005.07.30"]
[Round "?"]
[White "Rossolini, Fabien"]
[Black "Gaudeau, Valentin"]
[Result "0-1"]
[WhiteElo "1994"]
[BlackElo "1998"]
[PlyCount "104"]
[EventDate "2005.??.??"]
[EventCountry "FRA"]

1. e4 c5 2. Nc3 g6 3. g3 Bg7 4. Bg2 e6 5. d3 Nc6 6. Be3 Nd4 7. Qd2 h5 8. Nd1 d6
9. c3 Nc6 10. Ne2 Nge7 11. h3 Bd7 12. O-O h4 13. g4 f5 14. gxf5 gxf5 15. Bg5
Qb6 16. Ne3 Bh6 17. Bxh6 O-O-O 18. Nc4 Qc7 19. b4 Rdg8 20. b5 Ne5 21. Nxe5 dxe5
22. a4 f4 23. Nxf4 Rxh6 24. Nd5 Rxg2+ 25. Kxg2 Rg6+ 26. Kh2 exd5 27. Rg1 Qd6
28. Rxg6 Nxg6 29. Qg5 Qe6 30. Qg4 Nf4 31. Qxh4 Nxd3 32. exd5 Qxd5 33. Rd1 e4
34. f3 e3 35. Qh8+ Kc7 36. Qh7 e2 37. Rxd3 e1=Q 38. Rxd5 Qf2+ 39. Kh1 Qxf3+ 40.
Kg1 Qxd5 41. h4 Qd1+ 42. Kf2 Qd2+ 43. Kf1 Kb6 44. Qg6+ Ka5 45. Qg3 Kxa4 46. h5
Bxb5+ 47. Kg1 Qd1+ 48. Kf2 Qxh5 49. Qf4+ c4 50. Qd6 Qf5+ 51. Kg3 Qd3+ 52. Kf4
Qxd6+ 0-1

[Event "Hyeres"]
[Site "Hyeres"]
[Date "2005.08.13"]
[Round "?"]
[White "Salvetti, Julien"]
[Black "Bouchelil, Cyril"]
[Result "1/2-1/2"]
[WhiteElo "1730"]
[BlackElo "1640"]
[PlyCount "66"]
[EventDate "2005.??.??"]
[EventCountry "FRA"]

1. e4 c5 2. Nc3 d6 3. g3 g6 4. Bg2 Bg7 5. d3 Nc6 6. Be3 Nf6 7. h3 O-O 8. Qd2 a6
9. a4 Qc7 10. Bh6 Bd7 11. Bxg7 Kxg7 12. Nge2 Rad8 13. O-O e5 14. f4 Nd4 15.
Nxd4 cxd4 16. Ne2 Rfe8 17. f5 Bc6 18. c3 d5 19. fxg6 dxc3 20. Qxc3 hxg6 21. g4
dxe4 22. dxe4 Qb6+ 23. Kh2 Nxe4 24. Qc4 Bd5 25. Qc2 Nf2 26. Bxd5 Rxd5 27. Nc3
Qe3 28. Rxf2 Rd3 29. Kg1 Qxh3 30. Qe2 Rh8 31. Qxe5+ Kf8 32. Qb8+ Kg7 33. Qe5+
Kf8 1/2-1/2

[Event "Hyeres"]
[Site "Hyeres"]
[Date "2005.08.14"]
[Round "?"]
[White "Tissot, Fabien"]
[Black "Perez, Flavio"]
[Result "0-1"]
[WhiteElo "1815"]
[BlackElo "2218"]
[PlyCount "52"]
[EventDate "2005.??.??"]
[EventCountry "FRA"]

1. d4 d5 2. c4 c6 3. Nf3 e6 4. Nc3 Nf6 5. Bg5 h6 6. Bh4 dxc4 7. e4 g5 8. Nxg5
hxg5 9. Bxg5 Be7 10. Bxc4 b5 11. Bd3 b4 12. Ne2 Qa5 13. Bf4 Nbd7 14. Qb3 Bb7
15. f3 c5 16. O-O cxd4 17. e5 Nd5 18. Bg3 Nc5 19. Qd1 Ne3 20. Qd2 Nxf1 21. Rxf1
Nxd3 22. Qxd3 Ba6 23. Qd2 Bxe2 24. Qxe2 Qxa2 25. Qb5+ Kf8 26. Qb7 Qd5 0-1

[Event "Hyeres"]
[Site "Hyeres"]
[Date "2005.08.13"]
[Round "?"]
[White "Tissot, Fabien"]
[Black "Ramazzotti, Bernard"]
[Result "1/2-1/2"]
[WhiteElo "1815"]
[BlackElo "1920"]
[PlyCount "37"]
[EventDate "2005.??.??"]
[EventCountry "FRA"]

1. d4 d5 2. c4 c6 3. Nf3 Nf6 4. Nc3 e6 5. Bg5 Be7 6. e3 Nbd7 7. cxd5 Nxd5 8.
Bxe7 Qxe7 9. Bd3 O-O 10. Qc2 h6 11. a3 Nxc3 12. Qxc3 c5 13. O-O b6 14. Rfd1 Bb7
15. Be2 Rac8 16. b4 Nf6 17. bxc5 bxc5 18. Qa5 Bd5 19. dxc5 1/2-1/2

[Event "Hyeres"]
[Site "Hyeres"]
[Date "2005.08.15"]
[Round "?"]
[White "Tissot, Fabien"]
[Black "Salvetti, Julien"]
[Result "1-0"]
[WhiteElo "1815"]
[BlackElo "1730"]
[PlyCount "61"]
[EventDate "2005.??.??"]
[EventCountry "FRA"]

1. d4 d5 2. c4 e6 3. Nc3 Nf6 4. Bg5 Nbd7 5. e3 c6 6. cxd5 exd5 7. Bd3 Be7 8.
Nf3 O-O 9. Qc2 h6 10. Bxf6 Bxf6 11. h3 Re8 12. g4 Nb6 13. O-O-O Be6 14. Rdg1
Qd7 15. g5 hxg5 16. Nxg5 Qd8 17. h4 Rc8 18. Nxe6 fxe6 19. h5 Re7 20. Bg6 Rcc7
21. Kb1 c5 22. Qd3 Nc4 23. Ne2 e5 24. h6 e4 25. Qd1 Qd6 26. Nf4 Qb6 27. h7+ Kh8
28. Qe2 cxd4 29. Bf7 Na3+ 30. Ka1 Nc2+ 31. Qxc2 1-0

[Event "Hyeres"]
[Site "Hyeres"]
[Date "2005.08.14"]
[Round "?"]
[White "Touvron, Fabrice"]
[Black "Menardo, Philippe"]
[Result "1-0"]
[WhiteElo "1895"]
[BlackElo "1650"]
[PlyCount "65"]
[EventDate "2005.??.??"]
[EventCountry "FRA"]

1. c4 f5 2. g3 Nf6 3. Bg2 e6 4. Nc3 c6 5. d4 d5 6. cxd5 exd5 7. Nh3 Bb4 8. Bd2
O-O 9. O-O Nbd7 10. Nf4 Qe8 11. f3 Nh5 12. Nd3 Bd6 13. Qb3 Kh8 14. e4 f4 15. g4
Ng3 16. hxg3 fxg3 17. e5 Be7 18. Ne2 Bh4 19. Bf4 Rxf4 20. Ndxf4 Nb6 21. Qd3 Bg5
22. b3 Qf8 23. Nh3 Bh4 24. Nef4 g6 25. Rfe1 Qh6 26. e6 Bg5 27. Qe3 Be7 28. Qe5+
Kg8 29. a4 a5 30. Qc7 Qf8 31. Qxb6 Ra6 32. Qc7 g5 33. Nh5 1-0

[Event "Hyeres"]
[Site "Hyeres"]
[Date "2005.08.13"]
[Round "?"]
[White "Touvron, Fabrice"]
[Black "Zermiche, Cherif"]
[Result "0-1"]
[WhiteElo "1895"]
[BlackElo "1971"]
[PlyCount "42"]
[EventDate "2005.??.??"]
[EventCountry "FRA"]

1. c4 c6 2. Nf3 d5 3. g3 Nf6 4. Bg2 g6 5. b3 Bg7 6. d4 dxc4 7. bxc4 Bf5 8. Qb3
Nbd7 9. Nbd2 Rb8 10. O-O O-O 11. Nh4 Be6 12. Bb2 b5 13. Qc2 bxc4 14. Rab1 Nd5
15. a3 Rxb2 16. Rxb2 c3 17. Rb7 cxd2 18. e4 N5b6 19. Qxc6 Bxd4 20. Nf3 Ne5 21.
Qb5 Bc4 0-1

[Event "Hyeres"]
[Site "Hyeres"]
[Date "2005.08.14"]
[Round "?"]
[White "Vaute, Denis"]
[Black "Descamps, Thomas"]
[Result "1/2-1/2"]
[WhiteElo "1910"]
[BlackElo "1820"]
[PlyCount "67"]
[EventDate "2005.??.??"]
[EventCountry "FRA"]

1. e4 c6 2. d4 d5 3. Nc3 dxe4 4. Nxe4 Bf5 5. Ng3 Bg6 6. h4 h6 7. Nf3 Nd7 8. Bd3
Bxd3 9. Qxd3 Ngf6 10. Ne4 Nxe4 11. Qxe4 e6 12. Bd2 Bd6 13. O-O-O Qc7 14. Qe2
O-O-O 15. Be3 Kb8 16. Kb1 e5 17. dxe5 Bxe5 18. Nxe5 Nxe5 19. Bf4 Rde8 20. Rh3
f6 21. Rhd3 Kc8 22. Bxe5 Rxe5 23. Qg4+ f5 24. Qg3 Re7 25. Rd6 Rhe8 26. Qd3 Qa5
27. c3 Re1 28. Qf3 Rxd1+ 29. Rxd1 Qe5 30. Kc2 Qe4+ 31. Qxe4 Rxe4 32. g3 Kc7 33.
Kd3 g6 34. f3 1/2-1/2

[Event "Hyeres"]
[Site "Hyeres"]
[Date "2005.08.15"]
[Round "?"]
[White "Vaute, Denis"]
[Black "Hadzikaric, Mirsad"]
[Result "1-0"]
[WhiteElo "1910"]
[BlackElo "1710"]
[PlyCount "51"]
[EventDate "2005.??.??"]
[EventCountry "FRA"]

1. e4 g5 2. d4 g4 3. f4 Nf6 4. Nc3 d5 5. e5 Ne4 6. Nxe4 dxe4 7. Be3 f6 8. Qd2
a6 9. O-O-O Nc6 10. d5 Na7 11. c4 Bf5 12. Ne2 fxe5 13. fxe5 b5 14. Ng3 Bg6 15.
Qd4 Bg7 16. Nxe4 h5 17. Ng5 Bf5 18. Bd3 Qd7 19. e6 Bxd4 20. exd7+ Bxd7 21. Bxd4
Rh6 22. c5 c6 23. Bg7 Rf6 24. Bxf6 exf6 25. Rde1+ Kf8 26. Ne6+ 1-0

[Event "Hyeres"]
[Site "Hyeres"]
[Date "2005.08.14"]
[Round "?"]
[White "Vaute, Denis"]
[Black "Leygue, Dominique"]
[Result "0-1"]
[WhiteElo "1910"]
[BlackElo "2322"]
[PlyCount "52"]
[EventDate "2005.??.??"]
[EventCountry "FRA"]

1. e4 e5 2. Nf3 Nc6 3. Bb5 f5 4. d4 fxe4 5. Nxe5 Nxe5 6. dxe5 c6 7. Bc4 Qa5+ 8.
Nc3 Qxe5 9. O-O d5 10. Bxd5 cxd5 11. Qxd5 Qxd5 12. Nxd5 Bd6 13. Re1 Bf5 14. f3
O-O-O 15. fxe4 Bc5+ 16. Be3 Bxe3+ 17. Nxe3 Bxe4 18. Nc4 Nf6 19. Ne5 Rd2 20. Nf3
Bxf3 21. gxf3 Re8 22. Rxe8+ Nxe8 23. Rc1 Nf6 24. a4 Nd5 25. c4 Nf4 26. b3 Ne2+
0-1

[Event "Hyeres"]
[Site "Hyeres"]
[Date "2005.08.13"]
[Round "?"]
[White "Zermiche, Cherif"]
[Black "Menardo, Philippe"]
[Result "1-0"]
[WhiteElo "1971"]
[BlackElo "1650"]
[PlyCount "21"]
[EventDate "2005.??.??"]
[EventCountry "FRA"]

1. e4 c6 2. d4 d5 3. e5 Bf5 4. g4 Bg6 5. h4 h5 6. e6 fxe6 7. Bd3 Bxd3 8. Qxd3
Kd7 9. Nf3 Nh6 10. Ne5+ Kc8 11. g5 1-0

[Event "Hyeres"]
[Site "Hyeres"]
[Date "2005.04.18"]
[Round "1"]
[White "Riviere, Cedric"]
[Black "Pilard, Raymond"]
[Result "0-1"]
[WhiteElo "1900"]
[BlackElo "1540"]
[PlyCount "65"]
[EventDate "2005.??.??"]
[EventCountry "FRA"]

1. d4 Nf6 2. c4 d6 3. Nc3 Bf5 4. Nf3 e6 5. Nh4 Be4 6. f3 Bc6 7. g3 Be7 8. e4 d5
9. cxd5 exd5 10. e5 Nfd7 11. Ng2 Nb6 12. Bd3 a6 13. O-O Bd7 14. a3 Nc6 15. Be3
Bh3 16. Qc2 Nc4 17. Bf2 h6 18. Rfd1 Bxg2 19. Kxg2 Na7 20. Nxd5 Nxb2 21. Nxc7+
Kf8 22. Nxa8 Nxd1 23. Rxd1 Qxa8 24. d5 Bxa3 25. Bxa7 Qxa7 26. Qc8+ Ke7 27. d6+
Bxd6 28. exd6+ Kxd6 29. Be4+ Ke7 30. Qc7+ Kf6 31. Rd6+ Kg5 32. h4+ Kh5 33.
Qxf7+ 0-1

[Event "Hyeres"]
[Site "Hyeres"]
[Date "2005.04.19"]
[Round "2"]
[White "Gardes, Williams"]
[Black "Riviere, Cedric"]
[Result "1-0"]
[WhiteElo "1935"]
[BlackElo "1900"]
[PlyCount "57"]
[EventDate "2005.??.??"]
[EventCountry "FRA"]

1. e4 e5 2. Nf3 Nc6 3. Bb5 a6 4. Ba4 Nf6 5. O-O Be7 6. Re1 b5 7. Bb3 O-O 8. c3
d5 9. exd5 Nxd5 10. Nxe5 Nxe5 11. Rxe5 c6 12. d4 Bd6 13. Re1 Qh4 14. g3 Qh3 15.
Re4 Nf6 16. Rh4 Qf5 17. Bc2 Qe6 18. Bg5 g6 19. Nd2 Be7 20. Ne4 Ra7 21. Qd2 Nxe4
22. Rxe4 Qd6 23. Bf4 Qd8 24. Rae1 Re8 25. Qe2 Bf5 26. Re5 Bxc2 27. Qxc2 Qd7 28.
Bg5 Qd8 29. Qe4 1-0

[Event "Hyeres"]
[Site "Hyeres"]
[Date "2005.04.21"]
[Round "5"]
[White "Riviere, Cedric"]
[Black "Le Flao, Philippe"]
[Result "1/2-1/2"]
[WhiteElo "1900"]
[BlackElo "1904"]
[PlyCount "40"]
[EventDate "2005.??.??"]
[EventCountry "FRA"]

1. d4 Nf6 2. c4 g6 3. Nc3 Bg7 4. e4 d6 5. Nf3 O-O 6. Be2 e5 7. O-O Na6 8. dxe5
dxe5 9. Qxd8 Rxd8 10. Bg5 h6 11. Bh4 g5 12. Bg3 Nxe4 13. Nxe4 f5 14. Nc3 f4 15.
Rad1 Bf5 16. Rxd8+ Rxd8 17. Rd1 Rxd1+ 18. Nxd1 e4 19. Ne1 c5 20. a3 Nb8 1/2-1/2

[Event "Hyeres"]
[Site "Hyeres"]
[Date "2005.04.21"]
[Round "6"]
[White "Coraboeuf, Alain"]
[Black "Riviere, Cedric"]
[Result "0-1"]
[WhiteElo "1810"]
[BlackElo "1900"]
[PlyCount "86"]
[EventDate "2005.??.??"]
[EventCountry "FRA"]

1. c4 Nf6 2. g3 g6 3. Bg2 Bg7 4. Nc3 O-O 5. e3 c5 6. Nge2 Nc6 7. a3 d6 8. d3
Ne8 9. O-O Nc7 10. Rb1 Bd7 11. b4 Rb8 12. b5 Ne5 13. h3 f5 14. Nf4 Nf7 15. Ncd5
Nxd5 16. Bxd5 e5 17. Ne2 Kh8 18. f4 Qe7 19. Bb2 Be6 20. Bg2 Nd8 21. Qc2 Bf7 22.
Rbd1 Ne6 23. Kh2 Nc7 24. a4 b6 25. e4 fxe4 26. dxe4 Qe6 27. Rc1 Qe7 28. f5 gxf5
29. exf5 d5 30. cxd5 Nxd5 31. Bxd5 Bxd5 32. Nc3 Bb7 33. Ne4 Rbd8 34. Qe2 Bxe4
35. Qxe4 Rd2+ 36. Kh1 Rxb2 37. Rfd1 Rb4 38. Qc6 Rd4 39. Re1 Qd6 40. Qxd6 Rxd6
41. g4 Bf6 42. Rg1 h6 43. Rc2 Rfd8 0-1